000 00564nam a22001937a 4500
005 20251108172157.0
008 250721s1996 xx 000 0 ara d
082 1 4 _a747.76/مطا
245 1 0 _aالمطابع العصرية /
264 _bالدار العربية للعلوم،
_c1996.
300 _a95ص
490 0 _aسلسلة كتب الديكور
650 1 7 _aالديكور
650 1 7 _aالمطابخ
650 1 7 _aالتجهيزات
710 2 _aمركز التعريب و البرمجة
_eترجمة
942 _2ddc
_cBK
999 _c72390
_d72390